DSGE model pre Slovensko
Modely založené na mikroekonomickom základe. Práce podľa Roberta Lucasa. Model pozostáva zo 46 endogénnych, 7exogénnych premenných a 56 parametrov. Firmy a domácnosti. Zvyklosti v spotrebe, "Catching up with Joneses" (Abel 1990). HDP a výmenné kurzy rovnovážnych (stea-dy-state) hodnôt. Taylorovo pra...
Salvato in:
| Autore principale: | |
|---|---|
| Altri autori: | |
| Natura: | Capitolo di libro |
| Lingua: | slovacco |
| Soggetti: | |
| Tags: |
Nessun Tag, puoi essere il primo ad aggiungerne!!
|
MARC
| LEADER | 00000naa$a2200000$$$4500 | ||
|---|---|---|---|
| 001 | 0100509 | ||
| 005 | 20240216103144.6 | ||
| 041 | 0 | |a slo | |
| 044 | |a SK | ||
| 245 | 1 | 0 | |a DSGE model pre Slovensko |c Juraj Zeman, Matúš Senaj |
| 500 | |a Príspevok je skrátenou verziou výskumnej štúdie NBS č. 3/2009 s názvom DSGE Model-Slovakia | ||
| 520 | |a Modely založené na mikroekonomickom základe. Práce podľa Roberta Lucasa. Model pozostáva zo 46 endogénnych, 7exogénnych premenných a 56 parametrov. Firmy a domácnosti. Zvyklosti v spotrebe, "Catching up with Joneses" (Abel 1990). HDP a výmenné kurzy rovnovážnych (stea-dy-state) hodnôt. Taylorovo pravidlo. Exogénne šoky a reakcie vybraných ekonomických veličín (impulse response funkcie). Využitie modelu v súčasnosti a ďalšie zmeny. | ||
| 610 | 2 | 0 | |a modely |
| 610 | 2 | 0 | |a simulácia stochastická |
| 610 | 2 | 0 | |a parametre ekonomické |
| 610 | 2 | 0 | |a Slovensko |
| 610 | 2 | 0 | |a indexy |
| 100 | 1 | |a Zeman, Juraj | |
| 700 | 1 | |a Senaj, Matúš | |